000 00583nam a2200241Ia 4500
003 OSt
005 20220924142741.0
006 a|||||r|||| 00| 0
007 ta
008 220923b |||||||| |||| 00| 0 ben d
020 _c05
024 _a303173
037 _cTextual
040 _aARTS
_cARTS
_bben
041 _2ben
_aben
082 _aO158,3N32,3, L4
100 _aBorgohain
245 0 _aTimir tirtha
260 _c1974
650 _aASSAMESE LITERATURE
_911738
942 _hO158,3N32,3, L4
_cTEXL
_2CC
999 _c451836
_d451836